Otevřené dopisy /

Hlavní autor: Žantovský, Petr, 1962-
Jazyk: Čeština
Vydáno: Praha : Ottovo nakladatelství, s.r.o., 2017
Témata:
Fyzický popis: 152 stran : ilustrace ; 21 cm
Knihy
Uloženo v:
LEADER 01846cam a2200529 i 4500
001 nkc20172919756
003 CZ PrNK
005 20180214084448.0
007 ta
008 170704s2017 xr a e 000 0 cze d
015 |a cnb002919756 
020 |a 978-80-7451-635-1  |q (brožováno) 
035 |a (OCoLC)1028194405 
040 |a OSA001  |b cze  |d OLA001  |e rda 
043 |a e-xr--- 
072 7 |a 316.7  |x Sociologie kultury. Kulturní život  |2 Konspekt  |9 1 
080 |a 929-058.1  |2 MRF 
080 |a 316.72/.75  |2 MRF 
080 |a 316.7:32  |2 MRF 
080 |a (437.3)  |2 MRF 
080 |a (0:82-6)  |2 MRF 
100 1 |a Žantovský, Petr,  |d 1962-  |7 jn20000402963  |4 aut 
245 1 0 |a Otevřené dopisy /  |c Petr Žantovský 
264 1 |a Praha :  |b Ottovo nakladatelství, s.r.o.,  |c 2017 
300 |a 152 stran :  |b ilustrace ;  |c 21 cm 
336 |a text  |b txt  |2 rdacontent 
337 |a bez média  |b n  |2 rdamedia 
338 |a svazek  |b nc  |2 rdacarrier 
600 1 7 |a Žantovský, Petr,  |d 1962-  |7 jn20000402963  |2 czenas 
650 0 7 |a osobnosti  |7 ph115615  |2 czenas 
650 0 7 |a kultura a společnost  |7 ph122010  |2 czenas 
650 0 7 |a kultura a společnost  |7 ph122010  |z Česko  |2 czenas 
650 0 7 |a kultura a politika  |7 ph234811  |2 czenas 
650 0 7 |a kultura a politika  |7 ph234811  |z Česko  |2 czenas 
650 0 9 |a celebrities  |2 eczenas 
650 0 9 |a culture and society  |2 eczenas 
650 0 9 |a culture and society  |z Czechia  |2 eczenas 
650 0 9 |a culture and politics  |2 eczenas 
650 0 9 |a culture and politics  |z Czechia  |2 eczenas 
655 7 |a fiktivní korespondence  |7 fd132255  |2 czenas 
655 9 |a imaginary letters  |2 eczenas 
910 2 |a BOA001  |b 2-1401.132 
920 |a 000717261  |z OSA001 
990 |a BK 
995 |a 01 
991 |b 201801  |c NOV 
996 6 |b 2610730433  |c 2-1401.132  |l MZK  |r Sklad / do 1 hodiny  |n 1  |p p.v.  |w 001644763  |u 000010  |a 1  |e BOA001  |j MZK50  |s P